000
00204 a2200097 4500
001
10660
100
_a
S M A
245
_a
Secondary modrn science teching.
260
_a
_b
Murcay
_c
090
_c
8261
_d
8261
942
_a
NUST-CAE
_c
M
_c
35002
999
_c
245733
_d
245733